The Time-life step-by-step Guide to the IBM PC
| Main Author: | |
|---|---|
| Format: | Section = Libro |
| Language: | Undetermined Spanish |
| Published: |
United States
Random House
1984
|
| Subjects: |
| LEADER | 00569nam a2200205Ia 4500 | ||
|---|---|---|---|
| 008 | 240830s9999 xx 000 0 und d | ||
| 040 | |a CEDOC FIQ-RUSB / 511 T374 | ||
| 041 | |a spa | ||
| 082 | |a 511 T374 | ||
| 100 | 1 | |a Pocock, Peter | |
| 245 | 1 | 4 | |a The Time-life step-by-step Guide to the IBM PC |
| 260 | |a United States |b Random House |c 1984 | ||
| 300 | |a 102 p.: il. | ||
| 650 | 7 | |a ANÁLISIS NÚMERICO | |
| 650 | 7 | |b EL SISTEMA OPERATIVO | |
| 650 | 7 | |c PROGRAMAS CON FINALIDAD | |
| 650 | 7 | |d COMUNICACIONES INFORMÁTICAS | |
| 942 | |c BK |2 ddc | ||
| 991 | |a TEXTO | ||
| 999 | |c 13126 | ||